[Event "Liberec op 11th"]
[Site "Liberec"]
[Date "2010.10.27"]
[Round "5"]
[White "Kozlova, Lucie"]
[Black "Vojtisek, Milos"]
[Result "1-0"]
[WhiteElo "1758"]
[BlackElo "1796"]
[PlyCount "45"]
[EventDate "2010.10.23"]
[EventType "swiss"]
[EventRounds "9"]
[EventCountry "CZE"]
[SourceTitle "EXT 2011"]
[Source "ChessBase"]
[SourceDate "2010.11.26"]
[SourceVersion "1"]
[SourceVersionDate "2010.11.26"]
[SourceQuality "1"]

1. e4 e5 2. Nf3 Nc6 3. Bb5 d6 4. c3 Nf6 5. d4 exd4 6. cxd4 Bd7 7. Nc3 a6 8. Ba4 b5 9. Bc2 g6 10. 0-0 Bg7 11. Re1 0-0 12. Bg5 h6 13. Bh4 Qc8 14. e5 dxe5 15. dxe5 Nh7 16. Nd5 Kh8 17. Qd2 Be6 18. Bb3 Ra7 19. Rac1 Bxd5 20. Bxd5 Nd8 21. Qe3 Qb8 22. Be7 Re8 23. Bc5 1-0